000 01242cad a22002535a 4500
001 E147503
008 090519s2003 xxk f s000 0 eng d
020 _a0755935225
022 1 _a0950-2254
035 _a(Sirsi) u147503
041 0 _aeng
050 0 4 _a711.558 $2 18
110 2 _aLand Use Consultants
_93228
245 0 0 _aNew directions for land management schemes in Scotland's national parks
_bfinal report
_h[electronic resource]
260 _aEdinburgh
_bScottish Executive
_c2003
520 _aExamines ways in which support can be provided in a more sustainable and innovative way in the Loch Lomond and Trossachs and Cairngorm National Parks. Concludes that there is a need to develop projects which are locally specific and integrated, within an overall strategic framework for each area.
521 _aAdvanced
651 4 _aScotland
_y1999-
690 _aENVIRONMENTAL AND LAND CONSULTANCY-ENVIRONMENTAL MANAGEMENT-ENVIRONMENTAL CONSERVATION-LANDSCAPE CONSERVATION
710 1 _aSmall Town and Rural Development Group
710 1 _aScottish Agricultural College
_93388
856 4 0 _uhttps://www.scotland.gov.uk/Publications/2003/02/16537/18981
_zView the report free of charge at www.scotland.gov.uk...
942 _n0
999 _c109588
_d109588